Clubs de football par silhouette #4 - Cercles - Statistiques

Statistiques générales
  • Ce quiz a été pris 223 fois
  • Le résultat moyen est 12 sur 20
Statistiques - réponses
Par images Réponse % Correct
Bayern Munich
96%
Paris Saint-Germain
95%
Napoli FC
94%
Inter Milan
93%
Ajax Amsterdam
89%
Montpellier HSC
79%
Eintracht Francfort
76%
Chelsea FC
71%
Manchester City
67%
Borussia Dortmund
66%
Hanovre 96
66%
Brentford
64%
Al Nassr
56%
RC Strasbourg Alsace
56%
Toulouse FC
56%
Leicester City
43%
Feyenoord Rotterdam
32%
Aston Villa
29%
Fenerbahçe
9%
VfL Wolfsburg
5%
Aucun quiz correspondant
Distribution des résultats
% des personnes avec chaque résultat
Percentile par nombre de réponses
Votre historique - résultats
Vous n’avez pas pris ce quiz